| 000 | 00569nam a2200241 a 4500 | ||
|---|---|---|---|
| 001 | nice12345678 | ||
| 003 | IN_TiNIC | ||
| 005 | 20260116012149.0 | ||
| 008 | 050524s1910 edia grp 000 0 eng | ||
| 020 |
_a _c8.4 |
||
| 082 | 0 | 0 |
_a294.3 _bRIC |
| 100 | _aRichard, Timothy | ||
| 245 | _aNew Testament of Higher Buddhism | ||
| 260 |
_aEdinburgh _bT & T Clark _c1910 |
||
| 300 | _a275p | ||
| 500 | _aincludes index and biblioraphy | ||
| 505 | 2 | _aindex | |
| 650 | _aBuddhism | ||
| 700 | 1 | _aRichard, Timothy | |
| 902 | _bSRS | ||
| 942 | _cBK | ||
| 999 |
_c5896 _d5896 |
||